1348 1585 1979 1712 1870 1466 1106 1425 1515 1066 1357 1793 1143 1449 1093 1488 1267 1668 1178 1603 1449 1210 1248 1614 1823 1910 1249 1126 1082 1361 1988 1618 1923 1500 1665 1148 1172 1670 1996 1182 1964 1999 1796 1606 1700 1054 1817 1942 1959 1840 1545 1738 1347 1136 1691 1161 1412 1867 1285 1085 1439 1673 1812 1996 1056 1393 1824 1317 1538 1514 1774 1882 1836 1393 1220 1106 1617 1916 1394 1198 1747 1051 1722 1741 1824 1488 1930 1783 1117 1887 1653 1998 1774 1698 1826 1618 1487 1141 1038 BCNSPRNW ULIB Ver.6.0+V

เปลี่ยนเป็นภาษาไทย

Change to English
 แสดงรายละเอียดบรรณานุกรม
  กลับหน้าหลัก

Brief Record : Get Marc (ISO 2709) : E-mail record : QR code < ปิดหน้าต่าง
LEADER : 00000nam 2200000uu 4500
001    13399113530
003     ULIB
008    111124sมปป.||||th 000 0 tha d
020    ^a9789741619177
090    ^aนว.^bม719B
100 0  ^aมิ้นตี้
245 00 ^aBe Careful! ภารกิจลับทะลวงใจ/^cมิ้นตี้
250    ^aพิมพ์ครั้งที่ 1
260    ^aกรุงเทพฯ :^bแจ่มใส
300    ^a201 หน้า
710 1  ^aแจ่มใส
945    ^p149^l0^i15406
995    ^aกัณชพร
999    ^aใช้งานได้ทุกระบบ
รายการนี้ยังไม่มีแท็ก
คุณยังไม่ได้ล็อกอิน คุณสามารถมีกิจกรรมร่วมกับเว็บไซต์ได้ แต่ต้องล็อกอินก่อน ::
  ล็อกอิน

รายการสื่อสารสนเทศ

ลำดับที่ ประเภท เลขเรียก/บาร์โค้ด สถานที่ สถานะ
1. นวนิยาย
นวนิยาย
นว. ม719B  
  Barcode: 15406
ห้องสมุดวิทยาเขตสวรรค์ประชารักษ์
►นวนิยาย
บนชั้น
  ขอยืม

รายการใกล้เคียง
    ผู้แต่ง [มิ้นตี้]

BibComment


ยังไม่เคยถูกคอมเมนท์

คอมเมนท์ทรัพยากรรายการนี้
  คอมเมนท์: Be Careful ภารกิ..


 Copyright 2026. Bcnsprnw @Library